000 00692cab a2200205 4500
001 WB2731-17
008 090401t1991 xxu||||| |||| 00| 0 eng d
035 _a(Sirsi) u56537
041 _aeng
245 _aSocieties give boost to multi-ties
260 _c1991
350 _a0
490 _aMoney Week
_vno 218 7/8/91 pp1 & 3
520 _aAn Ernst & Young survey of building societies point to a preference for multi-ties with life assurance offices, as illustrated by a new arrangement between Birmingham Midshires and Sun Life .
650 _aFINANCIAL SERVICES
650 _aTIEING-IN
690 _aPROPERTY-PROPERTY FINANCE AND INVESTMENT
942 _n0
948 _c04/03/1997
999 _c34485
_d34485